000
00278nam a22001097a 4500
082
_a
355.02 JAC'A
100
_a
JACKSON, W. G. F
_9
48651
245
_a
ATTACK IN THE WEST NAPOLEON FIRST COMPAIGN RE-READ TODAY
260
_a
LAHORE
_b
AL-KITAB
_c
1972
300
_a
242P
942
_c
BK
999
_c
581813
_d
581813